[Event "Washington Open"]
[Site "?"]
[Date "1973.01.07"]
[Round "4"]
[White "Bailey, B."]
[Black "Hanlen, R."]
[Result "1/2-1/2"]
[WhiteElo "2063"]
[BlackElo "1971"]
[Annotator "Stockfish 14 (15s)"]
[PlyCount "97"]
[EventDate "1973.??.??"]

{C84: Closed Ruy Lopez: Unusual White 6th moves} 1. e4 e5 2. Nf3 Nc6 3. Bb5 a6
4. Ba4 Be7 5. c3 Nf6 6. O-O b5 7. Bc2 d6 8. h3 Nb8 9. d4 Nbd7 10. Re1 O-O 11.
Nbd2 c5 $146 (11... Re8 12. Nf1 Bf8 13. Ng3 Bb7 14. Qd3 c5 15. Bg5 Qc7 16. Rad1
Rac8 17. dxe5 dxe5 18. c4 h6 19. Bc1 Nb6 20. b3 g6 21. Bb2 b4 22. Qe3 a5 23.
Qc1 Kh7 24. Nh2 Bg7 25. Nhf1 h5 26. Qb1 {
Oliveira,V (2025)-Hasurdzic,M Elista 1998 0-1 (39)}) 12. Nf1 Qc7 13. Ng3 Re8
14. Nf5 Nf8 (14... Bf8 15. a4 Rb8 16. Ng3 $14) 15. N3h4 Ng6 (15... Bxf5 16.
Nxf5 (16. exf5 $143 exd4 17. cxd4 Rac8 $15) 16... exd4 17. cxd4 cxd4 18. Bb3
$16) 16. d5 (16. Nxe7+ Qxe7 17. Nf5 Qc7 18. dxc5 dxc5 $16) 16... Bd7 $2 (16...
Nxh4 $142 17. Nxh4 c4 $14) 17. Qf3 $4 (17. Nxe7+ $142 Nxe7 18. Bg5 $18) 17...
Nxh4 (17... Nxd5 $142 $5 18. exd5 Bxh4 (18... Nxh4 $2 19. Nxh4 Bxh4 20. Qe4 $18
) 19. Nxh4 Nxh4 20. Bxh7+ Kxh7 21. Qh5+ Kg8 22. Qxh4 Bf5 $15) 18. Nxh4 $11 g6
19. Bg5 (19. Qd1 $142 $5 $11) 19... Nxd5 $1 $17 20. Bxe7 (20. exd5 Bxg5 {
Discovered attack}) 20... Nxe7 21. Rad1 Bc6 22. Qg3 Kh8 23. Nf3 (23. f4 f6 $17)
23... Ng8 24. Rd2 Rad8 25. Red1 (25. Nh2 Nf6 $19) 25... h6 (25... Nf6 $5 26.
Qh4 Kg7 27. Nh2 $19) 26. Nh2 Nf6 27. Qh4 Kg7 28. Ng4 Nxg4 29. Qxg4 f6 (29...
Re6 30. Qe2 $19) 30. Rd3 (30. Qe2 Rf8 $17) 30... h5 31. Qe2 c4 32. R3d2 Re7 33.
h4 Red7 34. g4 $2 (34. b3 $142 $5 Ba8 35. Qe3 $17) 34... hxg4 (34... Rh8 $5 35.
f4 exf4 36. Qf3 Qa7+ 37. Rd4 hxg4 38. Qxg4 $19) 35. Qxg4 Rh8 36. Qe6 Rhd8 (
36... Re7 37. Qg4 Bd7 38. Qg3 $19) 37. Kh2 (37. h5 $142 $5 Re7 38. Qg4 $17)
37... Re7 $19 38. Qg4 Bd7 39. Qg3 Be6 (39... Rh8 40. Kg2 Re6 41. b3 $19) 40.
Rg1 Bf7 41. f4 $2 (41. Kg2 $142 $19) 41... exf4 42. Qxf4 d5 $4 (42... Re6 $142
$19) 43. Qxc7 $11 Rxc7 44. exd5 Rcd7 45. Bxg6 Bxg6 46. Rdg2 Rxd5 47. Rxg6+ Kf7
48. Rg7+ Ke6 49. Re1+ 1/2-1/2

[Event "Washington Open"]
[Site "?"]
[Date "1973.01.07"]
[Round "5"]
[White "Andreotti, D."]
[Black "Bailey, B."]
[Result "0-1"]
[WhiteElo "1851"]
[BlackElo "2063"]
[Annotator "Stockfish 14 (15s)"]
[PlyCount "72"]
[EventDate "1973.??.??"]

{A07: Réti Opening: New York and Capablanca Systems} 1. g3 d5 2. Bg2 e5 3. Nf3
Nd7 4. O-O Ngf6 5. c4 (5. d4 e4 6. Ne5 Bd6 7. Nxd7 Bxd7 8. c4 c6 9. Bg5 Be6 10.
cxd5 cxd5 11. Nc3 O-O 12. Qb3 Qb6 13. Qxb6 axb6 14. Nb5 Be7 15. Rfc1 Rac8 16.
Bf4 Rc6 17. Bf1 h6 18. a3 g5 19. Bd2 Bd7 {
Gutman,L (2455)-Braun,A (2465) Bad Zwesten 2006 1/2-1/2 (51)}) 5... c6 (5...
dxc4 6. Qa4 Bd6 7. Na3 c6 8. Nxc4 Bc7 9. Qa3 c5 10. d3 O-O 11. Be3 Qe7 12. Rac1
a5 13. Nh4 g6 14. Bg5 Qe6 15. Bxf6 Qxf6 16. Nf3 Rb8 17. Ne3 b6 18. Nd5 Qd8 19.
d4 Bb7 20. Nxc7 {
Portisch,L (2640)-Smyslov,V (2620) Las Palmas 1972 1/2-1/2 (43)}) 6. d3 $146 (
6. cxd5 cxd5 7. d4 (7. Qa4 Bd6 8. d4 e4 9. Ne5 O-O 10. Nxd7 Bxd7 11. Qb3 Bc6
12. Nc3 h6 13. f3 exf3 14. Bxf3 Qb6 15. Qxb6 {
1/2-1/2 (15) Mittermeier,P (2011)-Walter,G (2185) Vorarlberg  1997}) (7. b3 Bd6
8. d4 e4 9. Nh4 Nf8 10. f3 Ng6 11. Bg5 Be7 12. Nc3 exf3 13. Bxf3 Be6 14. Qd3
Qd7 15. Rad1 Ng8 16. Bxe7 N8xe7 17. Ng2 Rd8 18. h4 h5 19. Qb5 Qc6 20. Ne3 a6
21. Qxc6+ bxc6 {Gutman,L (2535)-Simon,R (2320) Muenster 1989 1-0 (38)}) 7... e4
8. Ne5 Bd6 9. Nxd7 Bxd7 10. Bg5 h6 11. Bxf6 Qxf6 12. Nc3 Qe6 13. f3 Bb4 14.
fxe4 Bxc3 15. bxc3 dxe4 16. Qb3 Qxb3 17. axb3 f5 18. g4 O-O 19. gxf5 Bxf5 20.
Ra5 g6 {Sergeev,V (2410)-Dolezal,R Czechia 1996 1-0 (43)}) (6. d4 e4 7. Ne5 Bd6
8. Nxd7 Bxd7 $14 (8... Nxd7 $143 9. Nc3 Nf6 10. Qb3 dxc4 11. Qxc4 $18) (8...
Qxd7 $143 9. Nc3 h6 10. Qb3 $16)) 6... Bd6 7. b3 (7. cxd5 $5 cxd5 8. e4 $11)
7... O-O $11 8. Na3 (8. cxd5 cxd5 9. e4 dxe4 10. dxe4 Bc5 $11 (10... Nxe4 $143
11. Ng5 Nxg5 12. Qxd6 $14)) 8... Nb6 (8... a6 9. Nc2 $15) 9. Rb1 (9. cxd5 cxd5
10. Nb5 Bb8 $11) 9... Qe7 (9... Re8 10. Nc2 $15) 10. Nc2 $11 a5 11. Nd2 Be6 12.
e3 (12. d4 $5 dxc4 13. dxe5 Bxe5 14. Ba3 $15) 12... a4 (12... Rfd8 13. Qe2 $17)
13. Qe2 axb3 14. axb3 Ra2 15. Bb2 Rfa8 16. Rfc1 Nbd7 17. b4 (17. Ra1 $142 $5
$17) 17... Bxb4 $19 18. Nxb4 Qxb4 19. Bc3 Qa3 20. Qf1 (20. h3 Bf5 21. e4 dxe4
22. dxe4 Be6 $19) 20... Qa6 (20... d4 21. exd4 exd4 22. Bb4 $19) 21. Ra1 Qb6
22. Rxa2 (22. Rcb1 Rxa1 23. Bxa1 Qc7 $19) 22... Rxa2 $19 23. Ra1 Qa6 24. Qb1
Rxa1 25. Bxa1 $2 (25. Qxa1 Qxa1+ 26. Bxa1 dxc4 27. dxc4 Ne8 $19) 25... Bf5 (
25... dxc4 26. dxc4 Bxc4 27. Nxc4 Qxc4 28. Bf1 $19) 26. cxd5 $2 (26. Bf1 $142
dxc4 27. e4 $19) 26... Bxd3 27. Qc1 Bb5 $4 (27... c5 $142 28. Nf3 Qd6 $19) 28.
dxc6 $17 Bxc6 29. Bxc6 bxc6 30. Nc4 Qb5 31. Qc3 $4 (31. Qc2 Qd5 $17) 31... Ne4
(31... Qb1+ $142 32. Kg2 Nd5 $19) 32. Qc2 (32. Qd3 Nec5 33. Qc2 f6 $17) 32...
Ng5 (32... Qd5 $142 $19) 33. Nd2 $4 (33. Kg2 $142 c5 34. Bxe5 Qc6+ 35. e4 Nxe4
36. f3 $17) 33... Qe2 $19 34. Kg2 (34. Qxc6 Qxd2 35. Bxe5 $19) 34... Nf3 $3 35.
Qxc6 (35. Nxf3 Qxc2 {Deflection Pinning}) 35... Ne1+ (35... Nxd2 $142 36. Qc8+
Nf8 37. Qc1 Qf3+ 38. Kg1 $19) 36. Kh3 (36. Kg1 Qxd2 37. Bc3 $19) 36... Qh5# 0-1

[Event "Airport Open"]
[Site "?"]
[Date "1973.01.20"]
[Round "1"]
[White "Bailey, B."]
[Black "Rice, W."]
[Result "1-0"]
[WhiteElo "2063"]
[BlackElo "1506"]
[Annotator "Stockfish 13 (15s)"]
[PlyCount "63"]
[EventDate "1973.??.??"]

{B17: Caro-Kann: Modern Line (4...Nd7)} 1. e4 c6 2. d4 d5 3. Nc3 dxe4 4. Nxe4
Nd7 5. Nf3 Ngf6 6. Ng3 e6 7. Bc4 Nb6 8. Bb3 c5 9. c3 Be7 10. O-O O-O 11. Qe2
Qc7 12. Ne5 (12. Re1 Re8 13. Ne5 cxd4 14. cxd4 Nbd5 15. Bg5 Qb6 16. Rad1 h6 17.
Bc1 Bb4 18. Rf1 Bf8 19. f4 Bd7 20. Nxd7 Nxd7 21. f5 N7f6 22. Qf3 Rad8 23. Kh1
exf5 24. Nxf5 Re6 25. Rd3 Qc6 26. h3 Rde8 {
Klinova,M (2407)-Nep,R (2381) Wijk aan Zee 2002 0-1 (38)}) 12... cxd4 $146 (
12... Nbd5 13. a3 cxd4 14. cxd4 b6 15. Bg5 Bb7 16. Rac1 Qd6 17. Nc4 Qd8 18.
Rfd1 Ne4 19. Bxe7 Nxg3 20. hxg3 Qxe7 21. Ne5 Rac8 22. Qd2 Nf6 23. Ba2 Rfd8 24.
Rxc8 Rxc8 25. Bb1 Qc7 26. Qe3 Bd5 27. g4 {
Pimentel,F-Machado Borges,J Sao Paulo 1967 1-0 (60)}) (12... Rd8 13. Be3 Nbd5
14. Rae1 Bd7 15. Bg5 Be8 16. c4 Nb6 17. d5 Nfxd5 18. cxd5 Bxg5 19. dxe6 fxe6
20. Qg4 c4 21. Bc2 Bf6 22. Qxe6+ Bf7 23. Bxh7+ Kxh7 24. Nxf7 Rd5 25. Ne4 Rh5
26. h3 Rf8 27. Nxf6+ {Murgia,A (2123)-Cocozza,M (2356) Crema 2003 1-0 (38)})
13. cxd4 Rd8 (13... Bd7 14. Bg5 $11) 14. Be3 (14. Bg5 $5 Nbd5 15. Qf3 $14)
14... Nbd5 $14 15. Rac1 Qb6 (15... Qa5 16. Nh5 Bd7 17. Nxf6+ Bxf6 18. Rc5 $11)
16. Qf3 $14 Bd7 (16... Rf8 $14) 17. Ne4 (17. Bxd5 $142 $5 exd5 18. Bg5 $16)
17... Be8 $11 18. Rc2 (18. Nc4 Qb5 19. Nc3 Nxc3 20. bxc3 Qd5 $11) 18... Nxe4
$15 (18... Nxe3 $143 19. fxe3 a5 20. Rcf2 $11) 19. Qxe4 Nxe3 $4 (19... a5 $142
20. Bc4 a4 $15) 20. fxe3 $16 f6 (20... Bd6 $142 21. Nxf7 Bxf7 22. Rxf7 Bxh2+
23. Kxh2 Kxf7 $16) 21. Nf3 $4 (21. Nc6 $142 $1 Bxc6 22. Qxe6+ Kh8 23. Qxe7 $18)
21... Bf7 $11 22. Rfc1 Bd6 23. Kh1 Re8 24. Rc3 Re7 $4 (24... h6 $142 $11) 25.
Rc8+ $18 Rxc8 $4 (25... Re8 26. Rxa8 Rxa8 27. Bxe6 g6 28. Bxf7+ Kxf7 29. Qd5+
Kf8 $18) 26. Rxc8+ Be8 (26... Re8 27. Rxe8+ Bxe8 28. Qxe6+ Kf8 29. Qg8+ Ke7 30.
Qxg7+ Kd8 31. Qxf6+ Kc7 32. Qg7+ Kb8 33. Qxh7 a5 $18) 27. Bxe6+ (27. Ba4 $142
Qc7 28. Rxc7 Bxc7 29. Bb3 $18) 27... Kh8 (27... Kf8 28. Qf5 Rc7 $18) 28. Qf5
Qxb2 29. Bd7 Qf2 30. Bxe8 (30. Rxe8+ $2 Rxe8 31. Bb5 Rf8 $19) 30... Qf1+ 31.
Ng1 Qxf5 (31... g5 32. Bb5+ Kg7 33. Bxf1 Rc7 34. Rxc7+ Bxc7 35. Bd3 Kf7 36.
Qd7+ Kg8 37. Bc4+ Kh8 38. Qf7 g4 39. Qxf6#) 32. Bd7+ (32. Bd7+ Re8 33. Rxe8+
Bf8 34. Rxf8#) 1-0

[Event "Airport Open"]
[Site "?"]
[Date "1973.01.20"]
[Round "2"]
[White "Lassen, M."]
[Black "Bailey, B."]
[Result "0-1"]
[WhiteElo "1822"]
[BlackElo "2063"]
[Annotator "Stockfish 13 (15s)"]
[PlyCount "120"]
[EventDate "1973.??.??"]

{D05: Colle System with ...e6} 1. d4 d5 2. Nf3 Nf6 3. e3 e6 4. Bd3 c5 5. dxc5
Bxc5 6. O-O Nbd7 (6... O-O 7. b3 (7. c3 Nc6 8. b4 Bd6 9. Nbd2 e5 10. e4 dxe4
11. Nxe4 Nxe4 12. Bxe4 h6 13. a4 Qc7 14. Qc2 Ne7 15. Nh4 f5 16. Bf3 e4 17. Bh5
Bxh2+ 18. Kh1 Be5 19. Bb2 Be6 20. f4 Bxf4 21. b5 Bg3 {
Murara,M (1681)-Kovacova,Z (2098) Turin 2006 0-1}) 7... Nc6 8. Bb2 Qe7 9. a3 b6
10. b4 Bd6 11. Nc3 Bb7 12. Re1 Rac8 13. Rc1 Rfd8 14. Qe2 Bb8 15. b5 Ne5 16. Nb1
Nc4 17. Bxc4 Rxc4 18. Nbd2 Rg4 19. g3 Bd6 20. Ne5 Ra4 21. Ndf3 {
Skarba,S (2064)-Kopera,M (2136) Slovakia 2003 0-1 (43)}) 7. Re1 $2 $146 (7.
Nbd2 O-O 8. e4 dxe4 9. Nxe4 Nxe4 10. Bxe4 Nf6 11. Qxd8 Rxd8 12. Bg5 Be7 13.
Bxf6 Bxf6 14. Rad1 Bd7 15. b3 Bc6 16. Bxc6 bxc6 17. c4 Kf8 18. h3 Ke7 19. g4
Rxd1 20. Rxd1 Rd8 21. Rxd8 Kxd8 {Casteran,E-Longobuco,J Uruguay 1960 1/2-1/2})
(7. b3 e5 8. Be2 O-O $11) 7... O-O (7... e5 8. Be2 e4 9. Nd4 $17) 8. Nbd2 (8.
Nc3 $142 $5 $11) 8... e5 $17 9. e4 $4 (9. Be2 $142 e4 10. Nd4 $17) 9... Qb6 (
9... Ng4 $142 10. Rf1 f5 11. exd5 $19) 10. Re2 Ng4 11. Qe1 $2 (11. exd5 Nxf2
12. Rxf2 Bxf2+ 13. Kh1 $19) 11... Ndf6 (11... f5 $142 12. exf5 e4 13. Bxe4 Ndf6
(13... dxe4 $6 14. Nxe4 Ngf6 15. Ng3 $17) 14. Bxd5+ Nxd5 $19) 12. exd5 $4 (12.
h3 $142 dxe4 13. Nxe4 Nxe4 14. Bxe4 $11) 12... Nxf2 $17 (12... Nxd5 $2 13. Ne4
Nb4 14. Nxc5 Qxc5 15. h3 Nxd3 16. cxd3 $16) 13. Rxf2 Ng4 14. Ne4 Bxf2+ 15. Nxf2
e4 16. Bxe4 (16. Bf1 exf3 17. gxf3 Nh6 $19) 16... Re8 $19 17. Kf1 Qxf2+ 18.
Qxf2 Nxf2 19. Bxh7+ Kxh7 20. Kxf2 Rd8 21. c4 b5 22. b3 $2 (22. Be3 $142 $5 bxc4
23. Rd1 $17) 22... bxc4 $19 23. bxc4 Ba6 24. Bf4 (24. Ba3 Bxc4 25. d6 f6 $19)
24... Bxc4 (24... Rac8 25. d6 $19) 25. d6 f6 26. h3 (26. Re1 Rd7 $19) 26...
Rab8 27. Kg1 (27. a3 Rb2+ 28. Kg1 g5 $19) 27... g5 (27... Bd5 $142 $5 28. Ne1
$19) 28. Bg3 Rb2 29. Rc1 Bb5 30. Rc7+ (30. Nd4 Kg6 $19) 30... Rd7 31. Nd4 (31.
Rc5 a6 32. Nd4 $19) 31... Ba4 (31... Rxc7 $142 32. dxc7 Ba6 $19) 32. Ne6 $11
Rxc7 33. dxc7 Rc2 34. Nd4 $4 (34. Bd6 $142 Rc6 35. Kf2 $11) 34... Rc1+ $19 35.
Kf2 Bd7 36. Ke2 (36. Ne2 Rc2 37. Ke3 Kg6 $19) 36... Kg6 37. Bd6 Kf7 38. g4 (38.
a4 Ke8 $19) 38... Ke8 (38... Rc3 39. Kd2 Rxh3 40. Nf5 $19) 39. Kd2 (39. Kf2 Rc3
$19) 39... Rh1 40. Nc6 (40. Nb5 a6 41. Nc3 Rxh3 $19) 40... a6 41. Ne7 (41. Nb4
Rxh3 42. Nxa6 Bxg4 $19) 41... Rxh3 42. c8=Q+ (42. Nd5 Kf7 $19) 42... Bxc8 43.
Nxc8 (43. Ke1 $19) 43... Kd7 44. Be7 Rh6 (44... Kxc8 45. Kd1 Rh1+ 46. Ke2 Rh2+
47. Kf3 $19) 45. Bf8 (45. Nb6+ Kxe7 46. Nd5+ Kf7 $19) 45... Rh2+ 46. Kc3 Kxc8
47. Bg7 Rxa2 48. Bxf6 Ra4 49. Bxg5 Rxg4 50. Bc1 Kb7 51. Kb3 Kc6 52. Bd2 Kb5 53.
Be1 a5 54. Bc3 Rg3 55. Kb2 a4 56. Kc2 Kc4 57. Be5 Rg2+ 58. Kd1 a3 59. Ke1 Kd3
60. Kf1 Rc2 0-1

[Event "Airport Open"]
[Site "?"]
[Date "1973.01.20"]
[Round "3"]
[White "Simonds, P."]
[Black "Bailey, B."]
[Result "1/2-1/2"]
[WhiteElo "1833"]
[BlackElo "2063"]
[Annotator "Stockfish 13 (15s)"]
[PlyCount "72"]
[EventDate "1973.??.??"]

{E07: Closed Catalan: Main Line (5 Nf3 0-0 6 0-0 Nbd7)} 1. c4 Nf6 2. Nf3 e6 3.
g3 d5 4. Bg2 c6 5. O-O Be7 6. b3 O-O 7. Bb2 Nbd7 8. d4 Re8 9. Qd3 $146 (9. Nbd2
a6 (9... b5 10. Qc2 bxc4 11. bxc4 Rb8 12. Rab1 Bb7 13. Qa4 Qc7 14. Bc3 Ba8 15.
Ba5 Qc8 16. Rxb8 Nxb8 17. Bc3 Qa6 18. Qxa6 Nxa6 19. Rb1 Rb8 20. Rxb8+ Nxb8 21.
Ne5 Nbd7 22. Nxd7 Nxd7 23. e4 Nb6 24. c5 {
Joksic,S (2288)-Hubschmid,S (2154) Bern 1999 1-0 (59)}) (9... Bd6 10. Qc2 e5
11. cxd5 cxd5 12. e4 dxe4 13. Ng5 exd4 14. Bxe4 h6 15. Bh7+ Kf8 16. Nxf7 Kxf7
17. Bg6+ Kg8 18. Bxe8 Qxe8 19. Rae1 Ne5 20. f4 d3 21. Qc1 Qc6 22. Rxe5 Qb6+ 23.
Kh1 Bd7 24. Qc4+ {Fedi,P-Cecconi,E Valdarno 1989 0-1 (45)}) (9... Nf8 10. Qc2
Ng6 11. Rfe1 Bd6 12. e4 dxe4 13. Nxe4 Nxe4 14. Qxe4 Bd7 15. Qc2 Qc7 16. Ne5 c5
17. Nxd7 Qxd7 18. dxc5 Bxc5 19. Rad1 Qc7 20. Kh1 Rad8 21. a3 Qb6 22. Kg1 Qc7
23. b4 Bf8 24. Rxd8 {Antonelli,J-Oger,D Huy 1991 1/2-1/2}) 10. Ne5 Nxe5 11.
dxe5 Nd7 12. e4 dxc4 13. Nxc4 Rf8 14. Qg4 b5 15. Nd6 c5 16. Rad1 Qc7 17. f4 c4
18. bxc4 bxc4 19. Kh1 Rb8 20. Bc3 Nc5 21. h4 Bd7 22. h5 f5 23. exf6 Bxf6 {
Sekulic,D-Chaleyrat,R Biel 1979 1-0 (33)}) 9... Qc7 10. Nbd2 b6 11. cxd5 cxd5
12. Rac1 Qb7 13. Ne5 Qa6 14. Rxc8 $4 (14. Rc7 $142 Bd6 15. Rc6 $11) 14... Qxc8
$19 15. e4 Qb7 16. f4 (16. Nxf7 Kxf7 17. e5 Kg8 18. exf6 Nxf6 $19) 16... Bb4 (
16... Rac8 $142 $19) 17. f5 $2 (17. exd5 Nxd5 18. Ne4 $19) 17... Bxd2 18. Nxf7
(18. Qxd2 Nxe4 19. Bxe4 dxe4 $19) 18... Bb4 (18... Kxf7 $142 19. Qxd2 exf5 $19)
19. fxe6 Rxe6 (19... dxe4 $142 $5 20. Qc4 b5 21. Qxb4 Rxe6 22. Ne5 $19) 20. Ng5
Rxe4 $4 (20... Re7 $142 21. e5 b5 $19) 21. Nxe4 $11 Nxe4 22. Bxe4 dxe4 23. Qc4+
Kh8 24. Qxb4 Nf6 $2 (24... Qd5 $142 $11) 25. d5 $18 Qxd5 26. Bxf6 gxf6 27. Rxf6
Kg8 28. Rd6 Qe5 29. Qc4+ Kh8 30. Re6 Qa1+ 31. Kg2 $4 (31. Qf1 $142 Qxf1+ 32.
Kxf1 $18) 31... Rf8 $4 (31... Qxa2+ 32. Kh3 Qd2 33. Qxe4 $11) 32. Rxe4 (32. Kh3
$142 $18) 32... Qxa2+ $11 33. Re2 Qa1 34. Re7 Qf6 35. Qe2 Qc6+ 36. Kh3 Qh6+
1/2-1/2

[Event "Airport Open"]
[Site "?"]
[Date "1973.01.21"]
[Round "4"]
[White "Bailey, B."]
[Black "Heywood, B."]
[Result "1-0"]
[WhiteElo "2063"]
[BlackElo "1941"]
[Annotator "Stockfish 13 (15s)"]
[PlyCount "127"]
[EventDate "1973.??.??"]

{C42: Petroff Defence: 3 Nxe5 and unusual White 3rd moves} 1. e4 e5 2. Nf3 Nf6
3. Nxe5 d6 4. Nf3 Nxe4 5. d4 Be7 6. Bd3 Nf6 7. h3 O-O 8. O-O Re8 9. c4 c6 10.
Nc3 Na6 $146 (10... a6 11. b4 (11. Qc2 Nbd7 12. Ng5 Nf8 13. f4 b5 14. b3 d5 15.
c5 Ne4 16. Nf3 Nxc3 17. Qxc3 a5 18. Ne5 Qc7 19. f5 b4 20. Qc2 Bf6 21. Kh1 Nd7
22. Nf3 Ba6 23. Bxa6 Rxa6 24. Bd2 h6 25. a3 bxa3 {
Vouldis,A (2535)-Karanikolas,D (2225) Athens 2001 1-0 (45)}) 11... Nbd7 12. Be3
Nf8 13. a4 a5 14. b5 Ng6 15. Re1 Nh5 16. Qd2 Bd7 17. Rab1 Qc8 18. Bf1 Bf5 19.
Rb3 h6 20. Kh2 Nf6 21. Qb2 d5 22. bxc6 bxc6 23. cxd5 Bb4 24. Rc1 cxd5 25. Nb5 {
Tukmakov,V (2565)-Bronstein,D (2590) Moscow 1971 1/2-1/2 (48)}) (10... Nbd7 11.
Re1 Nf8 12. Bf4 a6 13. b4 Ng6 14. Bh2 Bf8 15. Qd2 Rxe1+ 16. Rxe1 a5 17. b5 a4
18. a3 Bd7 19. bxc6 bxc6 20. Bc2 Be6 21. Qd3 Qa5 22. Rb1 Nd7 23. Rb4 d5 24. c5
Be7 25. Rxa4 {Pierrot,J (2423)-De las Heras,J (2247) Buenos Aires 2002 1-0 (33)
}) 11. a3 (11. Re1 Bd7 $16) 11... Nc7 12. Qc2 (12. Re1 Bd7 $16) 12... Bf8 13.
Bg5 g6 14. Ne4 (14. Rfe1 Bg7 $16) 14... Bg7 (14... Be7 15. Ng3 $14) 15. Rfe1 (
15. c5 dxc5 16. dxc5 Bf5 $16) 15... Bf5 16. Nxf6+ Bxf6 17. Bxf6 Qxf6 18. Bxf5
gxf5 $2 (18... Qxf5 $142 $5 19. Qxf5 gxf5 $16) 19. Qb3 $18 b6 (19... Rab8 20.
Rxe8+ Nxe8 21. Rb1 $18) 20. Qa4 (20. Rxe8+ $142 Rxe8 21. Qa4 $18) 20... b5 $2 (
20... d5 21. Rxe8+ Nxe8 22. cxd5 cxd5 $18) 21. cxb5 (21. Rxe8+ Rxe8 22. Qxa7
Qd8 23. cxb5 Nxb5 $18) 21... Nxb5 (21... Rxe1+ 22. Rxe1 cxb5 $18) 22. Rac1 (22.
d5 $142 Re4 23. Qb3 $18) 22... Re4 23. Qa6 (23. Red1 d5 $16) 23... Rae8 $2 (
23... Nxd4 24. Nxd4 Qxd4 25. Qxc6 Rd8 $18) 24. Rxe4 $18 fxe4 $2 (24... Rxe4
$142 25. Rxc6 Nxd4 26. Nxd4 Re1+ 27. Kh2 Qxd4 28. Qc8+ Kg7 29. Qxf5 Re5 $18)
25. Qxc6 Re7 26. Ne5 $4 (26. Qc8+ $142 Kg7 27. Qg4+ Qg6 28. Nh4 Qxg4 29. hxg4
$18) 26... Qf4 $4 (26... Rc7 $142 27. Qe8+ Kg7 $11) 27. g3 $18 Qd2 28. Qc8+ Kg7
29. Qg4+ Kh6 (29... Kf6 30. Rd1 Qg5 31. Qxe4 dxe5 32. Qc6+ Kg7 33. Qxb5 Qf6 $18
) 30. Qh4+ Kg7 31. Rc8 Rc7 (31... f6 32. Ng4 Qg5 33. Rg8+ Kxg8 34. Nxf6+ Qxf6
35. Qxf6 Rb7 36. Qe6+ Kg7 $18) 32. Qg4+ Kf6 33. Qh4+ (33. Re8 Qh6 34. Qxe4 Kg7
35. Qg4+ Kf6 $18) 33... Ke6 34. Re8+ (34. Qh5 $142 Qc2 35. Re8+ Kd5 36. Ng4+
Kc6 $18) 34... Kd5 35. Ng4 f5 (35... Kc4 36. Ne3+ Kb3 37. Qxe4 Qxd4 38. Qxh7
Kxb2 $18) 36. Ne3+ Kc6 37. Nxf5 Kb6 38. Qxe4 Rc1+ (38... Ka5 39. Kg2 Rc2 40.
Qe3 Rxb2 41. Qxd2+ Rxd2 42. Rh8 $18) 39. Kg2 Qd1 40. g4 Qh1+ (40... Qg1+ 41.
Kf3 Qd1+ 42. Kf4 $18) 41. Kg3 Qg1+ 42. Qg2 Qd1 (42... a5 43. Rb8+ Ka6 44. Rh8
$18) 43. Qf3 (43. Rb8+ $142 Ka5 44. Qd5 $18) 43... Nxd4 (43... Qxf3+ 44. Kxf3
Rh1 45. Kg2 $18) 44. Nxd4 (44. Rb8+ $142 Ka5 45. Qd5+ Rc5 46. Qxd4 Qxd4 47.
Nxd4 Ka6 $18) 44... Qxd4 45. Qe3 (45. Rb8+ $5 Ka5 $18) 45... Qxe3+ 46. Rxe3 Rc2
(46... d5 47. f4 d4 48. Rf3 $18) 47. Rb3+ Kc5 48. f4 (48. Rb7 $142 Re2 49. Rxh7
$18) 48... Kc4 (48... Re2 49. f5 Re8 $18) 49. Rc3+ $1 Rxc3+ 50. bxc3 Kxc3 51.
f5 d5 (51... a5 52. f6 Kb3 53. f7 Kxa3 54. f8=Q Kb3 55. Qxd6 a4 56. Kf4 a3 57.
Qd4 a2 58. Ke4 h6 59. Kd3 a1=Q 60. Qxa1 Kb4 61. h4 Kb5 62. h5 Kb4 63. g5 hxg5
64. h6 Kb3 65. h7 Kb4 66. h8=Q Kb5 67. Qa7 Kc6 68. Qe5 g4 69. Qac7#) 52. f6 d4
(52... Kb3 53. f7 Kc3 54. f8=Q Kd3 55. Qf7 d4 56. Kf4 Kc3 57. Ke4 d3 58. Qd5 d2
59. Qd3+ Kb2 60. Qxd2+ Kxa3 61. Kd3 a6 62. Qc3+ Ka2 63. Kc2 a5 64. Qxa5#) 53.
f7 d3 54. f8=Q d2 55. Qd6 (55. Qb4+ Kd3 56. Qb3+ Ke4 57. Qc2+ Ke3 58. Qc3+ Ke2
59. Qf3+ Ke1 60. Qe4+ Kd1 61. Kf2 Kc1 62. Qc4+ Kb2 63. Ke2 d1=Q+ 64. Kxd1 a5
65. Kd2 a4 66. Qc2+ Ka1 67. Kc3 h6 68. Qb2#) 55... Kc2 56. h4 d1=Q 57. Qxd1+
Kxd1 58. g5 Kc2 (58... a5 59. h5 Kc2 60. g6 hxg6 61. h6 a4 62. h7 Kb2 63. h8=Q+
Kxa3 64. Qg7 Kb3 65. Qxg6 Kc3 66. Qb6 a3 67. Qc5+ Kb3 68. Qc1 a2 69. Kf4 Kb4
70. Qb2+ Kc5 71. Qxa2 Kb4 72. Qc2 Kb5 73. Ke5 Ka5 74. Qb1 Ka6 75. Kd5 Ka5 76.
Kc5 Ka4 77. Qa2#) 59. h5 Kb3 (59... Kd2 60. g6 hxg6 61. h6 a6 62. h7 Kc1 63. a4
a5 64. h8=Q Kc2 65. Qa8 Kd3 66. Qxa5 Kd4 67. Qg5 Kd3 68. a5 Kc3 69. Qxg6 Kc4
70. a6 Kc3 71. a7 Kd2 72. a8=Q Kc3 73. Qa5+ Kb2 74. Qa3+ Kxa3 75. Qb1 Ka4 76.
Kf3 Ka3 77. Ke3 Ka4 78. Kd4 Ka3 79. Kc3 Ka4 80. Qb4#) 60. g6 hxg6 61. hxg6 Kxa3
62. g7 a5 63. g8=Q a4 64. Qc4 1-0